#1 Albums of the 1980's - Statistics

General Stats
  • This quiz has been taken 894 times
    889 since last reset
  • The average score is 49 of 88
Answer Stats
Year Album Artist % Correct
1987 Bad Michael Jackson
98%
1983 Thriller Michael Jackson
98%
1989 Like a Prayer Madonna
97%
1986 True Blue Madonna
97%
1985 Like a Virgin Madonna
97%
1989 Batman Prince
96%
1985 Around the World in a Day Prince and the Revolution
96%
1984 Purple Rain Prince and the Revolution
96%
1987 Tunnel of Love Bruce Springsteen
93%
1984 Born in the U.S.A. Bruce Springsteen
93%
1980 The River Bruce Springsteen
93%
1986 Live/1975–85 Bruce Springsteen & The E Street Band
93%
1988 Faith George Michael
92%
1989 ----- -------'s Rhythm Nation 1814 Janet Jackson
92%
1986 Control Janet Jackson
92%
1988 Rattle and Hum U2
92%
1987 The Joshua Tree U2
92%
1980 The Wall Pink Floyd
90%
1988 New Jersey Bon Jovi
88%
1987 Slippery When Wet Bon Jovi
88%
1986 Slippery When Wet Bon Jovi
88%
1988 Appetite for Destruction Guns N' Roses
88%
1985 No Jacket Required Phil Collins
82%
1983 Synchronicity The Police
79%
1988 Hysteria Def Leppard
77%
1985 Brothers in Arms Dire Straits
77%
1981 For Those About to Rock We Salute You AC/DC
76%
1986 Dancing on the Ceiling Lionel Richie
76%
1983 Can't Slow Down Lionel Richie
76%
1987 Licensed to Ill Beastie Boys
70%
1981 Tattoo You The Rolling Stones
70%
1980 Emotional Rescue The Rolling Stones
70%
1989 Dr. Feelgood Mötley Crüe
65%
1989 Hangin' Tough New Kids on the Block
64%
1985 We Are the World USA for Africa
63%
1989 Girl You Know It's True Milli Vanilli
59%
1980 The Game Queen
59%
1980 Double Fantasy John Lennon and Yoko Ono
58%
1989 Storm Front Billy Joel
57%
1980 Glass Houses Billy Joel
57%
1985 Songs from the Big Chair Tears for Fears
57%
1982 Freeze Frame The J. Geils Band
57%
1989 Forever Your Girl Paula Abdul
55%
1988 OU812 Van Halen
55%
1986 5150 Van Halen
55%
1986 Fore! Huey Lewis and the News
54%
1984 Sports Huey Lewis and the News
54%
1985 Make It Big Wham!
53%
1982 Chariots of Fire Vangelis
49%
1989 Lōc-ed After Dark Tone Lōc
47%
1980 Against the Wind Bob Seger & the Silver Bullet Band
44%
1981 Escape Journey
44%
1985 Reckless Bryan Adams
43%
1981 4 Foreigner
43%
1983 Metal Health Quiet Riot
43%
1989 The Raw & the Cooked Fine Young Cannibals
42%
1989 Don't Be Cruel Bobby Brown
40%
1987 ------- Whitney Houston
40%
1985 Centerfield John Fogerty
39%
1988 Roll With It Steve Winwood
39%
1982 Beauty and the Beat The Go-Go's
39%
1986 ------- ------- Whitney Houston
39%
1982 American Fool John Cougar
38%
1986 The Broadway Album Barbra Streisand
36%
1980 Guilty Barbra Streisand
36%
1982 Mirage Fleetwood Mac
35%
1982 Tug of War Paul McCartney
35%
1981 Hi Infidelity REO Speedwagon
35%
1981 Bella Donna Stevie Nicks
34%
1980 Hold Out Jackson Browne
33%
1982 Business as Usual Men at Work
33%
1980 On the Radio: Greatest Hits Volumes 1 & 2 Donna Summer
32%
1981 Paradise Theater Styx
26%
1986 Third Stage Boston
25%
1989 Repeat Offender Richard Marx
22%
1988 Giving You the Best That I Got Anita Baker
19%
1980 Greatest Hits Kenny Rogers
18%
1980 --- ---- Greatest Bee Gees
17%
1981 Precious Time Pat Benatar
14%
1988 ------- Tiffany
14%
1986 Welcome to the Real World Mr. Mister
13%
1986 Promise Sade
13%
1985 ----- Heart
11%
1981 Mistaken Identity Kim Carnes
11%
1982 ---- Asia
10%
1981 Long Distance Voyager The Moody Blues
10%
1986 Winner in You Patti LaBelle
8%
1988 ----- ------- Tracy Chapman
7%
No matching quizzes found
Score Distribution
Percent of People with Each Score
Percentile by Number Answered
Your Score History
You have not taken this quiz since the last reset